000 00596nam a22001817a 4500
005 20170802110209.0
010 _aENG-119504
020 _c325.00
_a9788184655353
035 _aEN-103036
037 _bDBAD/PUB
082 _a280.08694
100 _aManoharan,Vincent
245 _aTowards a practical dalit theology /
_cby Vincent Manoharan
260 _aDelhi
_bThe Indian Society for Promoting Christian Knowlewdge(ISPCK))
_c2016
270 _a1585,1654 Madarsa Road Kashmere Gate
_bDelhi
_e110006
300 _axxiv,211p.
_c24cm(pbk)
942 _2ddc
_cEN
_mMAN
_h280.08694
999 _c143035
_d143035